000 01082cam a2200325 a 4500
001 16166464
003 OSt
005 20211111121615.0
008 100331s2011 nyua 001 0 eng
010 _a 2010925994
020 _a9781111038151
038 _akhadija
040 _aDLC
_cDLC
_dDLC
042 _apcc
050 0 0 _aTL272
_b.H634 2011
082 _a629.254028
_bHOL
100 1 _aHollembeak, Barry.
_983909
245 1 0 _aAdvanced Automotive Electronic Systems /
_cBarry Hollembeak.
246 1 4 _aAdvanced Automotive Electronic Systems.
_pShop Manual
260 _aClifton Park, NY :
_bDelmar, Cengage Learning,
_cc2011.
300 _axxi, 502 p. :
_bill. ;
_c28 cm.
490 0 _aToday's technician
500 _aIncludes index.
563 _aPB
650 0 _aAutomobiles
_xElectronic equipment
_xMaintenance and repair.
_983910
650 0 _aAutomobiles
_xElectronic equipment
_xMaintenance and repair.
_983910
906 _a7
_bcbc
_corignew
_d3
_eepcn
_f20
_gy-gencatlg
942 _2ddc
_cBK
999 _c34103
_d34103